000 01451nam0a2200325 4500
001 RU\NLR\BIBL_A\022433774
005 20260406060235.0
010 _a978-5-04-203970-6
_93000
035 _a(NLR Aleph) 022433774
090 _a13346757
_c13346757
100 _a20250123d2024 |||y0rusy50 ca
101 1 _arus
_cchi
102 _aRU
105 _ay z 000zy
181 0 _ai
_baxxe
182 0 _an
200 1 _aЗаписки о поисках духов
_fГань Бао
_gперевод с китайского, вступительная статья и комментарии Льва Меньшикова
203 _aТекст
_bвизуальный
_cнепосредственный
210 _aМосква
_cЭксмо
_d2024
215 _a381, [1] с.
_d20
225 1 _aМагистраль
_iГлавный тренд
333 _a16+
604 _1700#0$aГань Бао$f4 в.
_1500##$a"Записки о поисках духов"$2nlr_sh1$2nlr_sh2$3RU\NLR\AUTH\66151868
_3RU\NLR\AUTH\66151868
_aГань Бао (4 в.)
_t"Записки о поисках духов"
_91170425
686 1 _aШ5(5Кит)4-4Гань Бао
700 0 _8rus
_7ca
_aГань Бао
_fIV - V вв.
_3RU\NLR\AUTH\7710497
_9120266
702 1 _4730
_8rus
_7ca
_aМеньшиков
_bЛ. Н.
_f1926-2005
_gЛев Николаевич
_3RU\NLR\AUTH\7753153
_936086
942 _cBOOK
980 _aNB